[Event "GER-chT Online Liga 1 GpD"]
[Site "Playchess.com INT"]
[Date "2021.02.25"]
[Round "4.2"]
[White "Schramm, Christian"]
[Black "Wolter, Detlef"]
[Result "1-0"]
[WhiteElo "2361"]
[BlackElo "2202"]
[PlyCount "143"]
[EventDate "2021.01.18"]
[EventType "team-tourn (rapid)"]
[EventRounds "7"]
[EventCountry "GER"]
[SourceTitle "EXT 2022"]
[Source "ChessBase"]
[SourceDate "2021.10.06"]
[SourceVersion "1"]
[SourceVersionDate "2021.10.06"]
[SourceQuality "1"]
[WhiteTeam "Bickenbach"]
[BlackTeam "Koeln Lasker"]
[WhiteTeamCountry "GER"]
[BlackTeamCountry "GER"]

1. e4 c5 2. Nf3 d6 3. d4 cxd4 4. Nxd4 Nf6 5. Nc3 a6 6. Bg5 e6 7. f4 Nc6 8. Qd2 Qb6 9. Nb3 Ng4 10. h3 f6 11. Bh4 Qe3+ 12. Be2 Qxd2+ 13. Kxd2 Nh6 14. Bf3 Nf7 15. Bf2 b5 16. e5 d5 17. exf6 gxf6 18. Rae1 Kd7 19. f5 Bh6+ 20. Kd1 Nfe5 21. fxe6+ Kc7 22. Nxd5+ Kb8 23. e7 Nc4 24. c3 N6e5 25. Nxf6 Bf5 26. Be4 Bxe4 27. Rxe4 Kb7 28. Na5+ Nxa5 29. Rxe5 Bg7 30. Re6 Bxf6 31. Rxf6 Rhe8 32. Re1 Rac8 33. Rb6+ Kc7 34. Rxa6 Nc6 35. Bc5 Kd7 36. Kc2 b4 37. Rd1+ Kc7 38. c4 Rg8 39. g4 h5 40. Rd6 Nxe7 41. Bxb4 Rge8 42. Re6 Kb7 43. b3 Nd5 44. Rxe8 Nxb4+ 45. Kc3 Rxe8 46. Ra5 Nc6 47. Rxh5 Re3+ 48. Kd2 Rg3 49. b4 Nxb4 50. Rb5+ Kc6 51. Rxb4 Rxh3 52. Rb5 Rh4 53. Rg5 Rh2+ 54. Kc3 Rxa2 55. Kd4 Rd2+ 56. Ke5 Rc2 57. Rg8 Kd7 58. Kd5 Rd2+ 59. Kc5 Rg2 60. Rg6 Rg1 61. Rg7+ Ke6 62. Kc6 Kf6 63. Rg8 Kf7 64. Rg5 Kf6 65. Rf5+ Ke6 66. Rf2 Ke5 67. Kc5 Ke4 68. Rd2 Ke5 69. Re2+ Kf4 70. Kd6 Kxg4 71. Rf2 Rd1+ 72. Kc6 1-0

[Event "GER-chT Online Liga 1 GpD"]
[Site "Playchess.com INT"]
[Date "2021.01.21"]
[Round "1.1"]
[White "Schramm, Christian"]
[Black "Meister, Jakob"]
[Result "1-0"]
[WhiteElo "2361"]
[BlackElo "2416"]
[PlyCount "71"]
[EventDate "2021.01.18"]
[EventType "team-tourn (rapid)"]
[EventRounds "7"]
[EventCountry "GER"]
[SourceTitle "CBM 200 Extra"]
[Source "ChessBase"]
[SourceDate "2021.03.31"]
[SourceVersion "1"]
[SourceVersionDate "2021.03.31"]
[SourceQuality "1"]
[WhiteTeam "Bickenbach"]
[BlackTeam "Zehlendorf"]
[WhiteTeamCountry "GER"]
[BlackTeamCountry "GER"]

1. e4 c5 2. Nf3 g6 3. c3 Bg7 4. d4 cxd4 5. cxd4 d5 6. e5 Bg4 7. Bb5+ Nc6 8. Bxc6+ bxc6 9. Nbd2 e6 10. 0-0 Ne7 11. h3 Bxf3 12. Nxf3 0-0 13. Qc2 Qd7 14. b3 Rfc8 15. Ba3 Bf8 16. Qd2 a5 17. Bd6 Bg7 18. g4 a4 19. Rab1 axb3 20. Rxb3 c5 21. Rfb1 Nc6 22. Rb7 Qe8 23. Bxc5 h6 24. Kg2 Bf8 25. Bxf8 Qxf8 26. Rd7 Rd8 27. Rxd8 Nxd8 28. Qc1 Kg7 29. Rb3 Qe7 30. Rc3 Rxa2 31. Rc8 Qd7 32. Rc7 Qe8 33. Qf4 Nc6 34. Qf6+ Kg8 35. Nh4 Ra7 36. Nxg6 1-0

[Event "AUT-chT 1819"]
[Site "Austria"]
[Date "2019.03.31"]
[Round "10.1"]
[White "Schramm, Christian"]
[Black "Antoniewski, Rafal"]
[Result "1/2-1/2"]
[WhiteElo "2360"]
[BlackElo "2521"]
[PlyCount "100"]
[EventDate "2018.11.15"]
[EventType "team-tourn"]
[EventRounds "11"]
[EventCountry "AUT"]
[SourceTitle "CBM 189 Extra"]
[Source "ChessBase"]
[SourceDate "2019.06.03"]
[SourceVersion "1"]
[SourceVersionDate "2019.06.03"]
[SourceQuality "1"]
[WhiteTeam "Salzburg Royal"]
[BlackTeam "St Veit"]
[WhiteTeamCountry "AUT"]
[BlackTeamCountry "AUT"]

1. e4 c5 2. Nf3 d6 3. d4 cxd4 4. Nxd4 Nf6 5. Nc3 Bd7 6. Be2 e5 7. Nb3 Bc6 8. Bf3 Be7 9. 0-0 0-0 10. Qe2 Nbd7 11. Rd1 a6 12. a4 b6 13. Be3 Qc7 14. Nd2 Rfc8 15. g4 h6 16. Bg2 b5 17. h4 Nh7 18. axb5 axb5 19. Rxa8 Rxa8 20. Nxb5 Bxb5 21. Qxb5 Qxc2 22. Rb1 Qc8 23. Qc4 Bxh4 24. Qxc8+ Rxc8 25. Bf1 Bg5 26. Nc4 Bxe3 27. Nxe3 Ng5 28. Nf5 Rc2 29. b4 Nf6 30. b5 Nfxe4 31. b6 Nf3+ 32. Kh1 Rxf2 33. Bg2 Nc5 34. b7 Nxb7 35. Rxb7 e4 36. Re7 d5 37. Rd7 Re2 38. Bxf3 exf3 39. Kg1 Rg2+ 40. Kf1 Rxg4 41. Kf2 h5 42. Kxf3 Rg1 43. Ne7+ Kh7 44. Nxd5 Kh6 45. Ne3 f6 46. Nf5+ Kh7 47. Ra7 Rf1+ 48. Ke4 Re1+ 49. Kf4 Rg1 50. Rb7 Rf1+ 1/2-1/2

[Event "Bundesliga 1819"]
[Site "Germany"]
[Date "2019.03.09"]
[Round "12.5"]
[White "Andersen, Mads"]
[Black "Schramm, Christian"]
[Result "1-0"]
[WhiteElo "2594"]
[BlackElo "2371"]
[PlyCount "87"]
[EventDate "2018.11.10"]
[EventType "team-tourn"]
[EventRounds "15"]
[EventCountry "GER"]
[SourceTitle "CBM 189 Extra"]
[Source "ChessBase"]
[SourceDate "2019.06.03"]
[SourceVersion "1"]
[SourceVersionDate "2019.06.03"]
[SourceQuality "1"]
[WhiteTeam "Solingen"]
[BlackTeam "Muenchen Zugzwang"]
[WhiteTeamCountry "GER"]
[BlackTeamCountry "GER"]

1. Nf3 c5 2. c4 Nc6 3. Nc3 g6 4. e3 Nf6 5. d4 cxd4 6. exd4 d5 7. cxd5 Nxd5 8. Qb3 e6 9. Bb5 Bg7 10. 0-0 0-0 11. Bxc6 bxc6 12. Na4 Qd6 13. Re1 Ne7 14. Be3 Nf5 15. Rad1 a5 16. Nc5 Ba6 17. Ne5 Qd5 18. Qc2 Rfd8 19. b3 Bb5 20. a4 Ba6 21. h3 Rdb8 22. Qc3 Rb4 23. Rd2 Nh4 24. f3 f6 25. Bf2 Nf5 26. Ned3 Bxd3 27. Rxd3 Rab8 28. Qd2 Re8 29. g4 Nd6 30. Qe3 f5 31. Na6 Rb7 32. Nc5 Rb4 33. Red1 Nf7 34. Kg2 h5 35. gxh5 gxh5 36. Na6 Rb7 37. Bg3 Bh6 38. Bf4 Bxf4 39. Qxf4 Ree7 40. Nc5 Rb4 41. Kh1 Kf8 42. Rg1 Re8 43. Qg3 Ke7 44. Qc7+ 1-0

[Event "Bundesliga 1819"]
[Site "Germany"]
[Date "2019.03.02"]
[Round "10.7"]
[White "Kraemer, Martin"]
[Black "Schramm, Christian"]
[Result "1-0"]
[WhiteElo "2578"]
[BlackElo "2371"]
[PlyCount "129"]
[EventDate "2018.11.10"]
[EventType "team-tourn"]
[EventRounds "15"]
[EventCountry "GER"]
[SourceTitle "CBM 189 Extra"]
[Source "ChessBase"]
[SourceDate "2019.06.03"]
[SourceVersion "1"]
[SourceVersionDate "2019.06.03"]
[SourceQuality "1"]
[WhiteTeam "Berlin SF"]
[BlackTeam "Muenchen Zugzwang"]
[WhiteTeamCountry "GER"]
[BlackTeamCountry "GER"]

1. d4 Nf6 2. c4 e6 3. Nf3 Bb4+ 4. Bd2 Qe7 5. g3 b6 6. Bg2 Bb7 7. 0-0 0-0 8. Bf4 Bd6 9. Bxd6 Qxd6 10. Nc3 Qe7 11. d5 d6 12. Nd4 e5 13. Nf5 Qd7 14. e4 g6 15. Ne3 Qe7 16. f4 Nbd7 17. Qc2 Rae8 18. Rae1 a6 19. b4 Bc8 20. Bf3 Kh8 21. Qb2 Rg8 22. Kh1 Qf8 23. Bd1 Qg7 24. Qc2 Re7 25. Qd3 Rge8 26. f5 Rg8 27. Rf2 Nf8 28. Ref1 g5 29. g4 h6 30. h3 N8h7 31. Rh2 Nd7 32. Kg2 f6 33. Rfh1 Qf8 34. h4 Rgg7 35. Ba4 Kg8 36. Ne2 Qd8 37. Ng3 Ndf8 38. hxg5 hxg5 39. Rh6 Bd7 40. Bb3 Be8 41. c5 Qb8 42. Qxa6 bxc5 43. bxc5 Nd7 44. cxd6 cxd6 45. Rc1 Nb6 46. Rc6 Ra7 47. Qe2 Ra3 48. Rh1 Rga7 49. Rhc1 Nf8 50. Nc4 Nxc4 51. Qxc4 Kf7 52. Ne2 Ke7 53. Nc3 R3a5 54. a4 Nd7 55. Nb5 Nb6 56. Qd3 Rxa4 57. Bxa4 Rxa4 58. Rc7+ Nd7 59. R1c2 Rxe4 60. Qxe4 Qxb5 61. Ra7 Kf8 62. Qc4 Qb6 63. Ra6 Qe3 64. Re2 Qc5 65. Qxc5 1-0

[Event "Bundesliga 1718"]
[Site "Germany"]
[Date "2018.02.24"]
[Round "9.6"]
[White "Zelbel, Patrick"]
[Black "Schramm, Christian"]
[Result "1-0"]
[WhiteElo "2458"]
[BlackElo "2368"]
[PlyCount "47"]
[EventDate "2017.10.21"]
[EventType "team-tourn"]
[EventRounds "15"]
[EventCountry "GER"]
[SourceTitle "CBM 183"]
[Source "ChessBase"]
[SourceDate "2018.03.14"]
[SourceVersion "1"]
[SourceVersionDate "2018.03.14"]
[SourceQuality "1"]
[WhiteTeam "Muelheim"]
[BlackTeam "Muenchen Zugzwang"]
[WhiteTeamCountry "GER"]
[BlackTeamCountry "GER"]

1. e4 e6 2. d4 d5 3. Nd2 c5 4. exd5 Qxd5 5. Ngf3 cxd4 6. Bc4 Qd7 7. 0-0 Nc6 8. Qe2 a6 9. a4 Be7 10. Nb3 Nf6 11. Rd1 Qc7 12. Nbxd4 Bd7 13. Nxc6 Bxc6 14. Ne5 Bd5 15. Bxd5 Nxd5 16. c4 Nf6 17. Bf4 Qc8 18. g4 h6 19. h4 a5 20. Qf3 Ra6 21. g5 hxg5 22. hxg5 Nh5 23. Be3 f6 24. g6 1-0

[Event "GER-chT Betriebe 17th"]
[Site "Berlin"]
[Date "2017.11.03"]
[Round "3.1"]
[White "Schramm, Christian"]
[Black "Feil, Stephan"]
[Result "1-0"]
[WhiteElo "2368"]
[BlackElo "2084"]
[PlyCount "77"]
[EventDate "2017.11.02"]
[EventType "team-swiss"]
[EventRounds "7"]
[EventCountry "GER"]
[SourceTitle "EXT 2020"]
[Source "ChessBase"]
[SourceDate "2019.10.17"]
[SourceVersion "1"]
[SourceVersionDate "2019.10.17"]
[SourceQuality "1"]
[WhiteTeam "Frankfurt AGI"]
[BlackTeam "Berlin Bayer"]
[WhiteTeamCountry "GER"]
[BlackTeamCountry "GER"]

1. e4 c5 2. Nf3 g6 3. Nc3 Bg7 4. d4 cxd4 5. Nxd4 Nc6 6. Be3 Nf6 7. Bc4 Qa5 8. 0-0 Qb4 9. Bb3 0-0 10. a3 Qa5 11. h3 d6 12. Nde2 Qh5 13. Qd2 h6 14. Nf4 Qg5 15. Ne6 Qh5 16. Nxf8 Kxf8 17. f3 g5 18. Rae1 Bd7 19. Ba4 Be6 20. Nd5 Rc8 21. Nxf6 Bxf6 22. Bxc6 Rxc6 23. c3 Bc4 24. Rf2 Qg6 25. Bd4 e5 26. Bxa7 g4 27. hxg4 Bh4 28. Be3 Kg7 29. a4 h5 30. gxh5 Bxf2+ 31. Bxf2 Qxh5 32. b4 d5 33. exd5 Rh6 34. Bg3 f6 35. d6 Rg6 36. d7 Rxg3 37. d8Q Qg6 38. Qc7+ Bf7 39. Qxb7 1-0

[Event "GER-chT Betriebe 17th"]
[Site "Berlin"]
[Date "2017.11.02"]
[Round "2.1"]
[White "Ozerov, Ilja"]
[Black "Schramm, Christian"]
[Result "1/2-1/2"]
[WhiteElo "2161"]
[BlackElo "2368"]
[PlyCount "46"]
[EventDate "2017.11.02"]
[EventType "team-swiss"]
[EventRounds "7"]
[EventCountry "GER"]
[SourceTitle "EXT 2020"]
[Source "ChessBase"]
[SourceDate "2019.10.17"]
[SourceVersion "1"]
[SourceVersionDate "2019.10.17"]
[SourceQuality "1"]
[WhiteTeam "Essen RWE"]
[BlackTeam "Frankfurt AGI"]
[WhiteTeamCountry "GER"]
[BlackTeamCountry "GER"]

1. d4 Nf6 2. e3 c5 3. Bd3 e6 4. f4 Qc7 5. Nf3 b6 6. Qe2 Nc6 7. c3 Be7 8. 0-0 Bb7 9. Ne5 0-0 10. Nd2 Rac8 11. g4 d6 12. g5 Ne8 13. Bxh7+ Kxh7 14. Qh5+ Kg8 15. Rf3 g6 16. Nxg6 fxg6 17. Qxg6+ Ng7 18. Rh3 Nxd4 19. cxd4 cxd4 20. Qh6 Qc2 21. g6 Qd1+ 22. Nf1 Qg4+ 23. Ng3 Qd1+ 1/2-1/2

[Event "Bundesliga 1617"]
[Site "Germany"]
[Date "2017.05.01"]
[Round "15.28"]
[White "Hoffmann, Michael"]
[Black "Schramm, Christian"]
[Result "1/2-1/2"]
[WhiteElo "2471"]
[BlackElo "2390"]
[PlyCount "41"]
[EventDate "2016.10.15"]
[EventType "team-tourn"]
[EventRounds "15"]
[EventCountry "GER"]
[SourceTitle "CBM 178"]
[Source "ChessBase"]
[SourceDate "2017.05.14"]
[SourceVersion "1"]
[SourceVersionDate "2017.05.14"]
[SourceQuality "1"]
[WhiteTeam "Aachen"]
[BlackTeam "Muenchen Zugzwang"]
[WhiteTeamCountry "GER"]
[BlackTeamCountry "GER"]

1. d4 Nf6 2. c4 e6 3. Nc3 Bb4 4. Qc2 0-0 5. Nf3 d5 6. a3 Bxc3+ 7. Qxc3 dxc4 8. Qxc4 b6 9. Bg5 Ba6 10. Qa4 h6 11. Bh4 Qd7 12. Qc2 Rc8 13. Rd1 Qc6 14. Qxc6 Nxc6 15. Bxf6 gxf6 16. e3 Bb7 17. Rc1 Ne7 18. Be2 c5 19. dxc5 Rxc5 20. Rxc5 bxc5 21. Kd2 1/2-1/2

[Event "Bundesliga 1617"]
[Site "Germany"]
[Date "2017.04.09"]
[Round "12.3"]
[White "Schramm, Christian"]
[Black "Baramidze, David"]
[Result "0-1"]
[WhiteElo "2390"]
[BlackElo "2601"]
[PlyCount "108"]
[EventDate "2016.10.15"]
[EventType "team-tourn"]
[EventRounds "15"]
[EventCountry "GER"]
[SourceTitle "CBM 178"]
[Source "ChessBase"]
[SourceDate "2017.05.14"]
[SourceVersion "1"]
[SourceVersionDate "2017.05.14"]
[SourceQuality "1"]
[WhiteTeam "Muenchen Zugzwang"]
[BlackTeam "Hockenheim"]
[WhiteTeamCountry "GER"]
[BlackTeamCountry "GER"]

1. e4 c5 2. Nf3 d6 3. d4 cxd4 4. Nxd4 Nf6 5. Nc3 a6 6. Be2 e5 7. Nb3 Be7 8. f4 b5 9. fxe5 dxe5 10. Qxd8+ Bxd8 11. Be3 Nbd7 12. 0-0-0 Bb7 13. Nd5 Rc8 14. Rhe1 0-0 15. g4 Re8 16. g5 Nxd5 17. exd5 f5 18. gxf6 Nxf6 19. Nc5 Bxd5 20. Nxa6 Bc4 21. Nc5 e4 22. Bxc4+ bxc4 23. Bd4 Bc7 24. h3 Bf4+ 25. Kb1 e3 26. Re2 Nh5 27. c3 Ng3 28. Rg2 e2 29. Re1 Bd2 30. Rxg3 Rxc5 31. Rxg7+ Kf8 32. Rgg1 Rh5 33. Kc2 Bxe1 34. Rxe1 Rxh3 35. b3 h5 36. bxc4 Rf3 37. Kd2 h4 38. Rxe2 h3 39. Rh2 Kf7 40. a4 Kg6 41. a5 Kf5 42. a6 Re6 43. a7 Ra6 44. Kc2 Kg4 45. Re2 Rf8 46. Re7 h2 47. Rh7 Ra1 48. Be5 h1Q 49. Rxh1 Rxh1 50. Bb8 Ra1 51. Kb2 Rff1 52. c5 Kf5 53. Kb3 Ke6 54. c6 Ke7 0-1

[Event "Bundesliga 1617"]
[Site "Germany"]
[Date "2016.12.03"]
[Round "5.6"]
[White "Schramm, Christian"]
[Black "Smeets, Jan"]
[Result "0-1"]
[WhiteElo "2390"]
[BlackElo "2598"]
[PlyCount "48"]
[EventDate "2016.10.15"]
[EventType "team-tourn"]
[EventRounds "15"]
[EventCountry "GER"]
[SourceTitle "CBM 176"]
[Source "ChessBase"]
[SourceDate "2017.01.17"]
[SourceVersion "1"]
[SourceVersionDate "2017.01.17"]
[SourceQuality "1"]
[WhiteTeam "Muenchen Zugzwang"]
[BlackTeam "Solingen"]
[WhiteTeamCountry "GER"]
[BlackTeamCountry "GER"]

1. e4 c5 2. Nf3 d6 3. d4 cxd4 4. Nxd4 Nf6 5. Nc3 a6 6. Bc4 e6 7. Bb3 Nbd7 8. Qe2 Nc5 9. Bg5 Be7 10. h4 h6 11. Bd2 Qc7 12. 0-0-0 b5 13. g4 Bb7 14. f3 g6 15. g5 Nh5 16. Qh2 b4 17. Na4 Nxb3+ 18. axb3 e5 19. Ne2 Rc8 20. Kb1 d5 21. Ng3 Nxg3 22. Qxg3 dxe4 23. Rhe1 Qxc2+ 24. Ka2 Qxb3+ 0-1

[Event "GER-chT Betriebe 16th"]
[Site "Dresden"]
[Date "2016.11.06"]
[Round "7.1"]
[White "Schramm, Christian"]
[Black "Kleeschaetzky, Rainer"]
[Result "1-0"]
[WhiteElo "2390"]
[BlackElo "2321"]
[PlyCount "57"]
[EventDate "2016.11.03"]
[EventType "team-swiss"]
[EventRounds "7"]
[EventCountry "GER"]
[SourceTitle "EXT 2020"]
[Source "ChessBase"]
[SourceDate "2019.10.17"]
[SourceVersion "1"]
[SourceVersionDate "2019.10.17"]
[SourceQuality "1"]
[WhiteTeam "Frankfurt AGI"]
[BlackTeam "Berlin Deutsche Bahn/BSW"]
[WhiteTeamCountry "GER"]
[BlackTeamCountry "GER"]

1. e4 e6 2. d4 d5 3. Nc3 Bb4 4. e5 c5 5. a3 Bxc3+ 6. bxc3 Qc7 7. Qg4 f5 8. Qh5+ g6 9. Qd1 Bd7 10. h4 h6 11. Rh3 Ba4 12. Ra2 Nd7 13. Ne2 Ne7 14. Nf4 Qc6 15. g4 Nf8 16. gxf5 Nxf5 17. Bd3 Ne7 18. dxc5 Bb5 19. Be3 Bxd3 20. cxd3 b6 21. cxb6 axb6 22. Qb3 Nd7 23. Rb2 Kf7 24. Ne2 Qa4 25. h5 Qxb3 26. Rxb3 gxh5 27. Rxh5 Nf5 28. Nf4 Ra6 29. Rxf5+ 1-0

[Event "GER-chT Betriebe 16th"]
[Site "Dresden"]
[Date "2016.11.04"]
[Round "3.1"]
[White "Schramm, Christian"]
[Black "Hoffmann, Hendrik"]
[Result "1/2-1/2"]
[WhiteElo "2390"]
[BlackElo "2266"]
[PlyCount "20"]
[EventDate "2016.11.03"]
[EventType "team-swiss"]
[EventRounds "7"]
[EventCountry "GER"]
[SourceTitle "EXT 2020"]
[Source "ChessBase"]
[SourceDate "2019.10.17"]
[SourceVersion "1"]
[SourceVersionDate "2019.10.17"]
[SourceQuality "1"]
[WhiteTeam "Frankfurt AGI"]
[BlackTeam "Leipzig Publishing Services"]
[WhiteTeamCountry "GER"]
[BlackTeamCountry "GER"]

1. e4 d6 2. d4 Nf6 3. Nc3 g6 4. Bg5 Bg7 5. Qd2 0-0 6. f3 c6 7. g4 b5 8. a3 d5 9. e5 Ne8 10. h4 f6 1/2-1/2

[Event "BL2-Ost 1516"]
[Site "Germany"]
[Date "2015.12.12"]
[Round "5.4"]
[White "Zysk, Robert"]
[Black "Schramm, Christian"]
[Result "1/2-1/2"]
[WhiteElo "2400"]
[BlackElo "2383"]
[PlyCount "53"]
[EventDate "2015.09.20"]
[EventType "team-tourn"]
[EventRounds "9"]
[EventCountry "GER"]
[SourceTitle "CBM 170 Extra"]
[Source "ChessBase"]
[SourceDate "2016.02.25"]
[SourceVersion "1"]
[SourceVersionDate "2016.02.25"]
[SourceQuality "1"]
[WhiteTeam "Zugzwang MSA"]
[BlackTeam "Forchheim"]
[WhiteTeamCountry "GER"]
[BlackTeamCountry "GER"]

1. d4 Nf6 2. c4 e6 3. Nc3 Bb4 4. e3 0-0 5. Bd3 c5 6. Nge2 d5 7. cxd5 exd5 8. 0-0 Nc6 9. a3 cxd4 10. exd4 Bd6 11. f3 h6 12. Be3 Ne7 13. Qc2 Re8 14. Bf2 Qc7 15. Bg3 Bd7 16. Rac1 Bxg3 17. hxg3 Rac8 18. Qd2 Qd6 19. g4 Nh7 20. Qf4 Qxf4 21. Bxh7+ Kxh7 22. Nxf4 Rc4 23. Rcd1 f5 24. gxf5 Nxf5 25. Nfxd5 Bc6 26. Rfe1 Rxe1+ 27. Rxe1 1/2-1/2

[Event "Hannover-chA"]
[Site "Lehrte"]
[Date "2015.10.29"]
[Round "2"]
[White "Ramme, Georg"]
[Black "Schramm, Christian"]
[Result "1-0"]
[WhiteElo "1578"]
[BlackElo "1454"]
[PlyCount "91"]
[EventDate "2015.10.29"]
[EventType "swiss"]
[EventRounds "7"]
[EventCountry "GER"]
[SourceTitle "EXT 2021"]
[Source "ChessBase"]
[SourceDate "2020.10.23"]
[SourceVersion "1"]
[SourceVersionDate "2020.10.23"]
[SourceQuality "1"]

1. Nf3 d5 2. d4 Nf6 3. c4 e6 4. Nc3 c6 5. Bg5 h6 6. Bh4 Be7 7. e3 Ne4 8. Bxe7 Qxe7 9. Nxe4 dxe4 10. Nd2 f5 11. Qh5+ Qf7 12. Qxf7+ Kxf7 13. Be2 Nd7 14. Nb3 Nf6 15. Rd1 b6 16. h4 Bb7 17. f4 exf3 18. Bxf3 g5 19. g3 Rad8 20. Kf2 g4 21. Bg2 h5 22. Nc1 a5 23. Nd3 Nd7 24. Ne5+ Nxe5 25. dxe5 Ke7 26. Rd4 Rd7 27. Rhd1 Rhd8 28. a4 Rxd4 29. exd4 Rd7 30. Ke3 Kd8 31. Kf4 Rg7 32. Rd2 Ke7 33. d5 cxd5 34. cxd5 Ke8 35. d6 Bxg2 36. Rxg2 Rb7 37. Kg5 b5 38. axb5 Rxb5 39. Kf6 Kd7 40. Rc2 Rb7 41. Kg5 Rb5 42. Rc7+ Kd8 43. Kf6 f4 44. gxf4 g3 45. Rg7 g2 46. Rxg2 1-0

[Event "GER-chT Betriebe 15th"]
[Site "Munich"]
[Date "2015.10.23"]
[Round "3.1"]
[White "Safyanovsky, Mark"]
[Black "Schramm, Christian"]
[Result "1/2-1/2"]
[WhiteElo "2248"]
[BlackElo "2390"]
[PlyCount "32"]
[EventDate "2015.10.22"]
[EventType "team-swiss"]
[EventRounds "7"]
[EventCountry "GER"]
[SourceTitle "EXT 2020"]
[Source "ChessBase"]
[SourceDate "2019.10.17"]
[SourceVersion "1"]
[SourceVersionDate "2019.10.17"]
[SourceQuality "1"]
[WhiteTeam "Berlin Osram"]
[BlackTeam "Frankfurt AGI"]
[WhiteTeamCountry "GER"]
[BlackTeamCountry "GER"]

1. Nf3 c5 2. g3 Nc6 3. Bg2 Nf6 4. 0-0 e5 5. c4 Be7 6. Nc3 0-0 7. Ne1 Re8 8. Nc2 Bf8 9. d3 d6 10. Ne3 Rb8 11. a3 Bd7 12. Rb1 a6 13. b4 b6 14. Ned5 Nxd5 15. Nxd5 Nd4 16. e3 Ne6 1/2-1/2

[Event "GER-chT Betriebe 15th"]
[Site "Munich"]
[Date "2015.10.22"]
[Round "2.1"]
[White "Schramm, Christian"]
[Black "Segerberg, Tomas Olof"]
[Result "1/2-1/2"]
[WhiteElo "2390"]
[BlackElo "2069"]
[PlyCount "70"]
[EventDate "2015.10.22"]
[EventType "team-swiss"]
[EventRounds "7"]
[EventCountry "GER"]
[SourceTitle "EXT 2020"]
[Source "ChessBase"]
[SourceDate "2019.10.17"]
[SourceVersion "1"]
[SourceVersionDate "2019.10.17"]
[SourceQuality "1"]
[WhiteTeam "Frankfurt AGI"]
[BlackTeam "Muenchen EPA II"]
[WhiteTeamCountry "GER"]
[BlackTeamCountry "GER"]

1. e4 e6 2. d4 d5 3. Nd2 Nf6 4. e5 Nfd7 5. Bd3 c5 6. c3 Nc6 7. Ne2 cxd4 8. cxd4 f6 9. Nf4 Nxd4 10. Qh5+ Ke7 11. exf6+ Nxf6 12. Ng6+ hxg6 13. Qxh8 Kf7 14. 0-0 e5 15. Nb3 Nxb3 16. axb3 Bf5 17. Bxf5 gxf5 18. Bg5 Bc5 19. Qh3 Qd7 20. b4 Bb6 21. Bxf6 Kxf6 22. Ra3 g6 23. Qh6 Qg7 24. Qd2 Rd8 25. h4 d4 26. Rxa7 Rh8 27. Qg5+ Ke6 28. Ra3 e4 29. Rg3 Kf7 30. Ra1 Qf6 31. Qc1 Qe6 32. Qf4 Qf6 33. Qc1 Qe6 34. Qf4 Qf6 35. Qc1 Qe6 1/2-1/2

[Event "AUT-chT2W 1516"]
[Site "Austria"]
[Date "2015.10.17"]
[Round "2.1"]
[White "Bertagnolli, Alexander"]
[Black "Schramm, Christian"]
[Result "1-0"]
[WhiteElo "2343"]
[BlackElo "2397"]
[PlyCount "79"]
[EventDate "2015.10.16"]
[EventType "team-tourn"]
[EventRounds "11"]
[EventCountry "AUT"]
[SourceTitle "CBM 168 Extra"]
[Source "ChessBase"]
[SourceDate "2015.10.29"]
[SourceVersion "1"]
[SourceVersionDate "2015.10.29"]
[SourceQuality "1"]
[WhiteTeam "Kufstein/Woergl"]
[BlackTeam "Bernhard II"]
[WhiteTeamCountry "AUT"]
[BlackTeamCountry "AUT"]

1. Nf3 d5 2. g3 c5 3. Bg2 Nc6 4. d4 Nf6 5. 0-0 Bg4 6. c4 e6 7. cxd5 Bxf3 8. Bxf3 Nxd4 9. dxe6 Nxf3+ 10. exf3 fxe6 11. Qe2 Kf7 12. Na3 Be7 13. Bg5 Re8 14. Rfe1 Bf8 15. Nc4 Kg8 16. Rad1 Qc7 17. f4 Rad8 18. Rxd8 Qxd8 19. Rd1 Qc7 20. Bxf6 gxf6 21. f5 Qf7 22. Re1 e5 23. Rd1 b5 24. Ne3 c4 25. Rd5 a6 26. Qd1 Kh8 27. a4 Qb7 28. Rd7 Qc6 29. axb5 axb5 30. Qd5 Qxd5 31. Nxd5 Rb8 32. Nxf6 Bg7 33. Ne4 b4 34. f6 Bh6 35. Nd6 c3 36. Nf7+ Kg8 37. Nxh6+ Kh8 38. Rg7 Rf8 39. Rg8+ Rxg8 40. Nf7# 1-0

[Event "AUT-chT2W 1516"]
[Site "Austria"]
[Date "2015.10.16"]
[Round "1.1"]
[White "Krstic, Uros"]
[Black "Schramm, Christian"]
[Result "0-1"]
[WhiteElo "2428"]
[BlackElo "2397"]
[PlyCount "73"]
[EventDate "2015.10.16"]
[EventType "team-tourn"]
[EventRounds "11"]
[EventCountry "AUT"]
[SourceTitle "CBM 168 Extra"]
[Source "ChessBase"]
[SourceDate "2015.10.29"]
[SourceVersion "1"]
[SourceVersionDate "2015.10.29"]
[SourceQuality "1"]
[WhiteTeam "Schwarzach"]
[BlackTeam "Bernhard II"]
[WhiteTeamCountry "AUT"]
[BlackTeamCountry "AUT"]

1. e4 e6 2. d4 d5 3. Nd2 dxe4 4. Nxe4 Nf6 5. Nxf6+ Qxf6 6. Nf3 h6 7. g3 Bd6 8. Bg2 0-0 9. 0-0 Nc6 10. c3 e5 11. dxe5 Nxe5 12. Nxe5 Bxe5 13. Re1 Rb8 14. Be3 b6 15. Qa4 a5 16. Rad1 Be6 17. Qb5 Rfd8 18. a4 Bg4 19. Rxd8+ Rxd8 20. f4 Bd6 21. Bd4 Qf5 22. Re8+ Rxe8 23. Qxe8+ Bf8 24. Be4 Qd7 25. Bc6 Qd6 26. Qe4 Bd7 27. Bb5 c5 28. Be3 Bxb5 29. axb5 Qd1+ 30. Kg2 Qe2+ 31. Kg1 Qxb2 32. Qc4 Qa1+ 33. Kg2 a4 34. f5 a3 35. f6 a2 36. fxg7 Bxg7 37. Bxh6 0-1

[Event "Lueneburg GM"]
[Site "Lueneburg"]
[Date "2015.08.21"]
[Round "7"]
[White "Rooze, Jan"]
[Black "Schramm, Christian"]
[Result "1-0"]
[WhiteElo "2342"]
[BlackElo "2392"]
[PlyCount "43"]
[EventDate "2015.08.15"]
[EventType "tourn"]
[EventRounds "9"]
[EventCountry "GER"]
[EventCategory "9"]
[SourceTitle "EXT 2016"]
[Source "ChessBase"]
[SourceDate "2015.10.08"]
[SourceVersion "1"]
[SourceVersionDate "2015.10.08"]
[SourceQuality "1"]

1. e4 c6 2. d4 d5 3. e5 Bf5 4. Nf3 e6 5. Be2 Ne7 6. 0-0 Nd7 7. Nbd2 Nc8 8. a4 c5 9. dxc5 Bxc5 10. Nb3 Qc7 11. Nxc5 Qxc5 12. Nd4 Ne7 13. b3 Bg6 14. Ba3 Qa5 15. Nb5 Nc8 16. c4 Nxe5 17. cxd5 a6 18. dxe6 fxe6 19. Nd6+ Nxd6 20. Qxd6 Kf7 21. Rac1 Rhe8 22. Rc5 1-0